000 01028nas a2200277 4500
001 BR8304042
003 BR-BrBNA
005 20231205085635.0
007 ta
008 230509b bl.|||p| |||| 00| 00por d
040 _aBR-BrBNA
_bpor
_cBiblioteca Nacional de Agricultura
041 _a(Pt)
072 _aM10
100 1 _aSilva, J.W.B. e
100 1 _aPinheiro, F.A.
100 1 _aFarias, J.O.
100 1 _aNonato Filho, R.
245 1 _aResultados de cultivos da carpa espelho, Cyprinus carpio (L.)vr. specularis, e do hibrido da tilapia de Zanzibar, Sarotherodon hornorum (Trew.), com a do Nilo, Sarotherodon niloticus (L.), consorciados com arroz, Oryza sativa (L.)[Brasil]
650 _aCARPA ESPELHO
650 _aTILAPIA
650 _aARROZ
650 _aPISCICULTURA CONSORCIADA
773 0 _tBoletim Tecnico - Departamento Nacional de Obras Contra as Secas (Brazil)
_xISSN 0374-6658
_g(Jan-Jun 1983), v. 41(1) p. 127-143
_wBR8304042
909 _a202311
_bLúcia
_c55
_dLúcia Elande
942 _2AGRIS
_n0
_cANA
999 _c112728
_d112728